| 000 | 00422nam a2200169Ia 4500 | ||
|---|---|---|---|
| 008 | 221030s9999 xx 000 0 und d | ||
| 020 | _a8173192251 | ||
| 041 | _aEnglish | ||
| 082 |
_a105.23 _bMat |
||
| 100 | _aJ. H. Mathews | ||
| 245 | 0 | _aComplex Analysis For Mathematics & Engineering | |
| 260 |
_bNarosa Pub. _aNew Delhi _c1998 |
||
| 300 | _a484 | ||
| 650 | _aBE Mathematics | ||
| 700 | _aR. W. Howell | ||
| 942 | _cBK | ||
| 999 |
_c1850 _d1850 |
||